| 000 | 01745nam a2200277 a 4500 | ||
|---|---|---|---|
| 001 | BRCA_8756 | ||
| 005 | 20190320210409.0 | ||
| 008 | 140317s1786----sp-#######---#000-0#spa-# | ||
| 041 | _aspa | ||
| 044 | _asp | ||
| 084 |
_aBE124 _b.M37 1786 |
||
| 100 | 1 |
_aMallison, Juan Bautista _921806 |
|
| 245 | 1 | 0 |
_aConferencias y discursos sinodales sobre las principales obligaciones de los eclesiásticos _cpor el ilustrísimo señor D. Juan Bautista Mallison, Padre de la Congregación del Oratorio, uno de los quarenta de la Academia Francesa, y Obispo de Clermont. |
| 250 | _a2a ed. | ||
| 260 |
_aMadrid _bPor la viuda de Ibarra, Hijos y Compañía _c1786 |
||
| 300 |
_aVI, 312 p. (t.12) _c21 x 15 cm |
||
| 500 | _aCon las licencias necesarias. | ||
| 500 | _aCon marca de fuego: “Procedencia de la marca: Convento de San Diego de México, D. F.(1). Institución: Orden de Frailes Menores Descalzos. Provincia de San Diego de México. Descripción: Monograma que se desata como: S[an] Die[go]. Observaciones: Las marcas de este convento se diferencian por el motivo que corona al monograma: un diamante, un círculo o una plica. A la marca que consigna David Saavedra le falta el círculo. Ubicación de la marca en el libro: Canto superior; canto inferior” | ||
| 500 | _aEstado físico: presenta encuadernación en pergamino y algunas hojas manchadas | ||
| 650 | 1 | 4 |
_aSacerdotes _xDerechos y obligaciones _yObras anteriores a 1800 _zEspaña _921807 |
| 700 | 1 |
_aIbarra, Joaquin (Viuda de) _eImpresor _921808 |
|
| 700 | 1 |
_aIbarra, Joaquin (Hijos de) _eImpresor _921809 |
|
| 856 | _ahttp://www.marcasdefuego.buap.mx:8180/xmLibris/projects/firebrand/item.jsp?repository=marcas_de_fuego&key=69474dda.xml&num=9 | ||
| 902 | _aCFM | ||
| 942 |
_2lcc _cB |
||
| 999 |
_c8408 _d8408 |
||